000 00566nam a2200205Ia 4500
003 GCL
008 140319s9999 xx 000 0 ara d
040 _aGCL /
_cGCL
082 0 4 _a404
_bغ س
100 1 _aغيرو بيار
245 1 0 _aالسيمياء /
_cغيرو بيار
700 1 _aانطوان ابوزيد
260 _a[S.N] :
_bمنشورات عويدان ،
_c1984
300 _a142 ص
490 _aزدنى علما
_v0
650 0 4 _aاللغات
650 0 4 _aالاصوات اللغوية
650 0 4 _aالاشارات
942 _2ddc
_cBK
999 _c36234
_d36234